Szczegóły MARC21

Alianse marketingowe : partnerstwa przedsiębiorstw dla zwiększenia konkurencyjności /

003 -Nazwa inst., której nr kontr. jest w polu 001 [,]
    • @
    • Nazwa instytucji, której n kontrolny jest w polu 001
    • NUKAT
005 -DATA I CZAS OSTATNIEJ MODYFIKACJI [,]
    • @
    • pole kontrolne
    • 20241231105446.0
020 -Międzynarod. znormalizowany nr książki - ISBN [ , ]
    • a
    • Numer ISBN
    • 9788326438653 Find
040 -Instytucja sporządzająca opis [ , ]
    • a
    • Instytucja, która sporządziła opis (NP)
    • GD U/AP
    • c
    • Instytucja, która sporządziła rekord (NP)
    • GD U/AP
    • d
    • Instytucja, która zmodyfikowała rekord (P)
    • GL 001/KCHs
    • d
    • Instytucja, która zmodyfikowała rekord (P)
    • WA M/ES
    • d
    • Instytucja, która zmodyfikowała rekord (P)
    • WR U/PAdap
942 -Rodzaj dokumentu [ , ]
    • c
    • Rodzaj dokumentu
    • Książka
245 -Strefa tytułu i oznaczenia odpowiedzialności [0,0]
    • a
    • Tytuł
    • Alianse marketingowe : Find
    • b
    • Ciąg dalszy tytułu (NP)
    • partnerstwa przedsiębiorstw dla zwiększenia konkurencyjności / Find
    • c
    • Pozostałe elementy strefy tytułu i oznaczenia odpowiedzialności (NP)
    • Andrzej Sznajder red. nauk. ; [aut. Andrzej Sznajder et al.].
260 -Strefa adresu wydawniczego [ , ]
    • a
    • Miejsce wydania (P)
    • Warszawa :
    • b
    • Nazwa wydawcy (P)
    • Wolters Kluwer Polska,
    • c
    • Data wydania (P)
    • 2012.
300 -Strefa opisu fizycznego [ , ]
    • a
    • Określenie formy książki i/lub objętość (NP)
    • 246 s. :
    • b
    • Oznaczenie ilustracji (NP)
    • il. ;
    • c
    • Format (NP)
    • 25 cm.
336 -Typ zawartości [ , ]
    • a
    • Termin opisujący typ zawartości
    • Tekst
    • b
    • Kod określający zawartość
    • txt
    • 2
    • Źródło (terminu i kodu)
    • rdacontent
337 -Typ mediów [ , ]
    • a
    • Tryb odtwarzania
    • Bez urządzenia pośredniczącego
    • b
    • Kod typu mediów
    • n
    • 2
    • Źródło (terminu i kodu)
    • rdamedia
338 -Typ/rodzaj nośnika [ , ]
    • a
    • Hasło opisujące typ nośnika
    • Wolumin
    • b
    • Kod typu nośnika
    • nc
    • 2
    • Źródło (terminu i kodu)
    • rdacarrier
500 -Uwaga ogólna [ , ]
    • a
    • Uwaga ogólna (NP)
    • U dołu s. tyt. i okł.: Oficyna a Wolters Kluwer business.
504 -Uwaga dot. bibliogr. załącznikowej [ , ]
    • a
    • Uwaga dot. bibliografii załącznikowej
    • Bibliogr. s. 229-241. Indeks.
080 -Uniwersalna Klasyfikacja Dziesiętna [ , ]
    • 2
    • Identyfikator wydania tablic
    • UDC-P058
    • 9
    • UKD
    • 5617
    • a
    • Symbol klasyfikacji
    • 658.114.5
    • b
    • Dopowiedzenie
    • Formy integracji przedsiębiorstw. Holdingi. Koncerny. Syndykaty.
080 -Uniwersalna Klasyfikacja Dziesiętna [ , ]
    • 2
    • Identyfikator wydania tablic
    • UDC-P058
    • 9
    • UKD
    • 3513
    • a
    • Symbol klasyfikacji
    • 346.54
    • b
    • Dopowiedzenie
    • Przepisy dotyczące rynku i produkcji. Promocja biznesu. Postęp naukowo-techniczny. Jakość produkcji i usług. Gwarancje. Marketing. Konkurencja. Monopole. Prawo antymonopolowe. Ochrona konsumentów. Fuzje przedsiębiorstw.
650 -Hasło przedmiotowe [ ,7]
    • a
    • Hasło przedmiotowe
    • Alianse strategiczne (biznes).
    • 2
    • Źródło terminu
    • kaba
    • 9
    • KHW
    • 100995
650 -Hasło przedmiotowe [ ,7]
    • a
    • Hasło przedmiotowe
    • Marketing.
    • 2
    • Źródło terminu
    • kaba
    • 9
    • KHW
    • 118385
650 -Hasło przedmiotowe [ ,7]
    • a
    • Hasło przedmiotowe
    • Konkurencyjność (ekonomia).
    • 2
    • Źródło terminu
    • kaba
    • 9
    • KHW
    • 145043
980 -Symbol UKD [ , ]
    • a
    • UKD
    • 658.114.5:346.54
700 -Hasło dodatkowe - nazwa osobowa [1, ]
    • a
    • Nazwa osobowa (NP)
    • Sznajder, Andrzej. Find
    • e
    • Określenie rodzaju współpracy
    • Red.
    • 9
    • KHW
    • 39178
710 -Hasło dodatkowe - nazwa ciała zbiorowego [2, ]
    • a
    • Nazwa ciała zbiorowego lub nazwa geograficzna jako pierwszy element (NP)
    • Wolters Kluwer Polska.
    • 4
    • Kod relacji
    • pbl
    • 9
    • KHW
    • 52677
920 -ISBN [ , ]
    • a
    • ISBN
    • 978-83-264-3865-3 Find
Sygnatura Numer inwentarzowy Status udost. Data inwentaryzacji Lokalizacja
 E.74089-22012-10-11BE
T.12526T.12526-22013-03-28T
TM.9405TM.9405-22013-11-14T
TM.14837TM.14837-22019-12-13T